书目信息 |
| 题名: |
混凝土工作性
|
|
| 作者: | 塔特索尔 , Tattersall 著 ;陈莲英 , 杜效栋 译 | |
| 分册: | ||
| 出版信息: | 北京 中国建筑工业出版社 1983 |
|
| 页数: | 157页 | |
| 开本: | 19cm | |
| 丛书名: | ||
| 单 册: | ||
| 中图分类: | TU528 | |
| 科图分类: | ||
| 主题词: | 建筑材料:非金属材料 | |
| 电子资源: | ||
| ISBN: | ||
| 000 | 00906nam0 2200301 45 | |
| 001 | 0183004825 | |
| 005 | 20040517090433.7 | |
| 010 | @dCNY0.70 | |
| 091 | @a15040.4567 | |
| 100 | @a19950720d1983 em y0chiy0121 ea | |
| 101 | 1 | @achi@ceng |
| 102 | @aCN@b110000 | |
| 105 | @ay z 000yy | |
| 106 | @ar | |
| 200 | 10 | @a混凝土工作性@Ahun ning tu gong zuo xing@f(美)塔特索尔(C.H.Tattersall)著@g陈莲英, 杜效栋译 |
| 210 | @a北京@c中国建筑工业出版社@d1983 | |
| 215 | @a157页@d19cm | |
| 300 | @a书名原文:The workability of concrete | |
| 510 | 1 | @aThe workability of concrete@zeng |
| 606 | 0 | @a建筑材料:非金属材料 |
| 690 | @aTU528 | |
| 701 | 1 | @a塔特索尔@Ata te suo er@bC.H.@4著 |
| 701 | A1 | @aTattersall@bC.H.@4著 |
| 702 | 0 | @a陈莲英@Achen lian ying@4译 |
| 702 | 0 | @a杜效栋@Adu xiao dong@4译 |
| 801 | 0 | @aCN@b上海图书馆@c20040517 |
| 801 | 2 | @aCN@bNLC@c20040517 |
| 905 | @f1@b107565@dTU528@e48 | |
| 混凝土工作性/(美)塔特索尔(C.H.Tattersall)著/陈莲英, 杜效栋译.-北京:中国建筑工业出版社,1983 |
| 157页;19cm |
| 书名原文:The workability of concrete |
| ISBN :CNY0.70 |
| ● |
| 相关链接 |
|
|
|
|
正题名:混凝土工作性
索取号:TU528/48
 
预约/预借
| 序号 | 登录号 | 条形码 | 馆藏地/架位号 | 状态 | 备注 |
| 1 | 0107565 | 001480506 | 第三借阅区/ [索取号:TU528/48] | 在馆 | |
| 2 | 0107566 | 001480490 | 第二样本阅览室/ [索取号:TU528/48] | 在馆 |